Normal view
MARC view
- System Engineering
Entry Topical Term
001 - CONTROL NUMBER
- control field: 1402
003 - CONTROL NUMBER IDENTIFIER
- control field: NUST
005 - DATE AND TIME OF LATEST TRANSACTION
- control field: 20170525112809.0
008 - FIXED-LENGTH DATA ELEMENTS
- fixed length control field: 170525|| aca||aabn | a|a d
040 ## - CATALOGING SOURCE
- Original cataloging agency: NUST
- Transcribing agency: NUST
150 ## - HEADING--TOPICAL TERM
- Topical term or geographic name entry element: System Engineering
670 ## - SOURCE DATA FOUND
- Source citation: Work cat.: (NUST)23772: HB, James V. Jones 1401, Integrated Logistics Support Handbook , c2006.
